Biblioteca y Centro de Documentación

Repensar las sociedades en transición (Registro nro. 53532)

Detalles MARC
000 -CABECERA
Longitud fija campo de control 01409nam a2200373 c 4500
001 - NÚMERO DE CONTROL
Número de control 53532
003 - IDENTIFICADOR DE NÚMERO DE CONTROL
Identificador del número de control ES-MaCES
005 - FECHA Y HORA DE LA ÚLTIMA TRANSACCIÓN
Fecha y hora de la última transacción 20250121112849.0
008 - CAMPO FIJO DE DESCRIPCIÓN FIJA--INFORMACIÓN GENERAL
Códigos de información de longitud fija   250120s2024 sp 000 | spa d
017 ## - NÚMERO DE REGISTRO DE DERECHOS DE AUTOR Y DEPÓSITO LEGAL
Número de copyright o de depósito legal BI 00385-2024
Agencia que asigna el número DL
020 ## - ISBN (INTERNATIONAL STANDARD BOOK NUMBER)
Número Internacional Normalizado para Libros (ISBN) 9788490826430
040 ## - FUENTE DE CATALOGACIÓN
Centro catalogador de origen ES-MaCES
Lengua de catalogación spa
Centro transcriptor ES-MaCES
245 00 - MENCIÓN DE TÍTULO
Título Repensar las sociedades en transición
Resto del título : cambio social, formas emergentes de subjetividad e identidad en la sociedad contemporánea
Mención de responsabilidad, etc. eds., Carlos García Grados, Carlos, Joseba García Martín, Benjamín Tejerina
260 ## - PUBLICACIÓN, DISTRIBUCIÓN, ETC (PIE DE IMPRENTA)
Lugar de publicación, distribución, etc. Bilbao
Nombre del editor, distribuidor, etc. Universidad del País Vasco = Euskal Herriko Unibertsitatea
Fecha de publicación, distribución, etc. [2024]
300 ## - DESCRIPCIÓN FÍSICA
Extensión 146 p.
Otras características físicas fot. bl. y n.
Dimensiones 24 cm
504 ## - NOTA DE BIBLIOGRAFÍA, ETC.
Nota de bibliografía, etc. Bibliografía
541 ## - NOTA DE LA FUENTE INMEDIANTE DE ADQUISICIÓN
Forma de adquisición Compra
650 #4 - ASIENTO SECUNDARIO DE MATERIA--TÉRMINO DE MATERIA
Término de materia o nombre geográfico como elemento inicial sociedad
9 (RLIN) 27269
650 #4 - ASIENTO SECUNDARIO DE MATERIA--TÉRMINO DE MATERIA
Término de materia o nombre geográfico como elemento inicial cambio social
9 (RLIN) 27286
650 #4 - ASIENTO SECUNDARIO DE MATERIA--TÉRMINO DE MATERIA
Término de materia o nombre geográfico como elemento inicial adaptación social
9 (RLIN) 27281
650 #4 - ASIENTO SECUNDARIO DE MATERIA--TÉRMINO DE MATERIA
Término de materia o nombre geográfico como elemento inicial sistema de valores
9 (RLIN) 29392
650 #4 - ASIENTO SECUNDARIO DE MATERIA--TÉRMINO DE MATERIA
Término de materia o nombre geográfico como elemento inicial estilo de vida
9 (RLIN) 29385
650 #4 - ASIENTO SECUNDARIO DE MATERIA--TÉRMINO DE MATERIA
Término de materia o nombre geográfico como elemento inicial identidad cultural
9 (RLIN) 29870
650 #4 - ASIENTO SECUNDARIO DE MATERIA--TÉRMINO DE MATERIA
Término de materia o nombre geográfico como elemento inicial desarrollo social
9 (RLIN) 29239
650 #4 - ASIENTO SECUNDARIO DE MATERIA--TÉRMINO DE MATERIA
Término de materia o nombre geográfico como elemento inicial ciencias sociales
9 (RLIN) 27256
650 #4 - ASIENTO SECUNDARIO DE MATERIA--TÉRMINO DE MATERIA
Término de materia o nombre geográfico como elemento inicial investigación sociológica
9 (RLIN) 27260
653 10 - TÉRMINO DE INDEXACIÓN--NO CONTROLADO
Término no controlado Ciencias Sociales-Políticas
700 1# - ENCABEZAMIENTO SECUNDARIO--NOMBRE PERSONAL
9 (RLIN) 41278
Nombre de persona García Grados, Carlos
Término indicativo de función ed. lit.
700 1# - ENCABEZAMIENTO SECUNDARIO--NOMBRE PERSONAL
9 (RLIN) 41279
Nombre de persona García Martín, Joseba
Término indicativo de función ed. lit.
700 1# - ENCABEZAMIENTO SECUNDARIO--NOMBRE PERSONAL
9 (RLIN) 24763
Nombre de persona Tejerina Montaña, Benjamín
Término indicativo de función ed. lit.
710 2# - ENCABEZAMIENTO SECUNDARIO--NOMBRE CORPORATIVO
Nombre de entidad o nombre de jurisdicción como elemento inicial Universidad del País Vasco
Término indicativo de función ed.
9 (RLIN) 5303
902 ## - CES. TIPO DE DOCUMENTO
Tipodoc (006$c Sirtex) LIB Libro
942 ## - ELEMENTOS KOHA
Fuente de clasificaión o esquema Clasificación propia del CES
Koha [por defecto] tipo de item Monografías
Parte de clasificación Ciencias Sociales Politicas Empresariale
Existencias
Número de registro Signatura completa Tipo de item de Koha
096734 SG-7.0.-780 Monografías
© CES, Consejo Económico y Social de España 2021